000 01030cab a2200265 4500
001 ABS59884
008 090401t1999 xxu||||| |||| 00| 0 eng d
035 _a(Sirsi) u90815
041 _aeng
100 _aBrewer, G.
245 _aExpert witnesses on trial
260 _c1999
350 _a0
490 _aContract Journal
_v397(6209) 20 January 1999, 25(1)
520 _aDiscusses the case of "London Underground v Kenchington Ford" in which expert evidence was condemned as invalid and unscientific, arguing that in future clients and legal teams will need to be particularly vigilant in case management to ensure that experts meet high standards of objectivity, independence and fairness.
650 _aCONTRACT CLAIMS
650 _aDELAYS
650 _aDESIGN LIABILITY
650 _aEXPERT WITNESSES
650 _aLONDON UNDERGROUND LIMITED V KENCHINGTON FORD PLC & OTHERS
650 _aPROFESSIONAL NEGLIGENCE
690 _aBUILT ENVIRONMENT-BUILDING CONTRACT FORMS
942 _n0
948 _c20/01/1999
999 _c57601
_d57601